Southampton FC Squad 2018-2019 - Statistics

General Stats
  • This quiz has been taken 10 times
  • The average score is 21 of 31
Answer Stats
# Position Nation Player % Correct
1 GK England Alex McCarthy
100%
2 DF Portugal Cédric Soares
100%
44 GK England Fraser Forster
100%
- Coach England Kelvin Davis
100%
14 MF Spain Oriol Romeu
100%
8 MF Northern Ireland Steven Davis
100%
9 FW England Danny Ings
88%
18 MF Gabon Mario Lemina
88%
3 DF Japan Maya Yoshida
88%
23 MF Denmark Pierre-Emile Højbjerg
88%
17 MF Scotland Stuart Armstrong
88%
35 DF Poland Jan Bednarek
75%
4 DF Denmark Jannik Vestergaard
75%
20 FW Italy Manolo Gabbiadini
75%
22 FW England Nathan Redmond
75%
21 DF England Ryan Bertrand
75%
6 DF Netherlands Wesley Hoedt
75%
43 DF Tunisia Yan Valery
75%
10 FW England Charlie Austin
63%
5 DF England Jack Stephens
63%
61 FW Ireland Michael Obafemi
63%
7 FW Ireland Shane Long
63%
16 MF England James Ward-Prowse
50%
- Coach Wales Mark Hughes
50%
- Coach Austria Ralph Hasenhüttl
50%
28 GK England Angus Gunn
38%
33 DF England Matt Targett
38%
11 FW Norway Mohamed Elyounoussi
38%
39 FW England Josh Sims
25%
15 FW England Sam Gallagher
13%
62 GK England Jack Rose
0%
No matching quizzes found
Score Distribution
Percent of People with Each Score
Percentile by Number Answered
Your Score History
You have not taken this quiz